000 00349nam a2200133Ia 4500
008 240624s9999 xx 000 0 und d
041 _aeng
082 _a302.35 STA
100 _aSTANFORD NAOMI
245 _aORGANIZATION DESIGN THE COLLABORATIVE AP
260 _c2006
_aNew Delhi
_bElsevier
300 _axiv, : 306 : p. : cm. ; 22
365 _cRS
_b28
999 _c7854
_d7854